Faktoring na Slovensku už nie je neznámy
Vymedzenie pojmu faktoring. Faktoring na Slovensku. Typy faktoringu. Postup pri klasickom faktoringu. Výhody faktoringu. Faktoring Slovenskej sporiteľne, a.s.
Enregistré dans:
| Auteur principal: | |
|---|---|
| Format: | Chapitre de livre |
| Langue: | slovaque |
| Sujets: | |
| Tags: |
Pas de tags, Soyez le premier à ajouter un tag!
|
MARC
| LEADER | 00000naa$a2200000$$$4500 | ||
|---|---|---|---|
| 001 | 0048899 | ||
| 005 | 20231106074758.4 | ||
| 041 | 0 | |a slo | |
| 044 | |a SK | ||
| 245 | 1 | 0 | |a Faktoring na Slovensku už nie je neznámy |c Oldřich Netušil |
| 520 | |a Vymedzenie pojmu faktoring. Faktoring na Slovensku. Typy faktoringu. Postup pri klasickom faktoringu. Výhody faktoringu. Faktoring Slovenskej sporiteľne, a.s. | ||
| 610 | 2 | 0 | |a faktoring |
| 610 | 2 | 0 | |a Slovensko |
| 610 | 2 | 0 | |a pojmy |
| 610 | 2 | 0 | |a financovanie |
| 610 | 2 | 0 | |a firmy |
| 610 | 2 | 0 | |a vymáhanie pohľadávok |
| 610 | 2 | 0 | |a pohľadávky |
| 610 | 2 | 0 | |a poisťovníctvo |
| 100 | 1 | |a Netušil, Oldřich | |